000 01840nam a22003737a 4500
005 20240530110337.0
008 141021s2010 ua gr 000 0 ara d
020 _a9789953823270
040 _aEG-CaGPL
082 0 4 _221
_a320.6\
_bأ ك
100 0 _aاحمد يوسف احمد
245 1 _aكيف يصنع القرار فى الانظمة العربية :
_bدراسة حالة : الاردن - الجزائر - السعودية - السودان - سورية - العراق - الكويت - لبنان مصر - المغرب - اليمن /
_cاحمد يوسف احمد [ وأخ ] ؛ تحرير وتنسيق نيفين مسعد
250 _aط1
260 _aبيروت :
_bمركز دراسات الوحدة العربية ،
_c2010
300 _a720 ص ؛
_c24 سم
650 0 4 _aاتخاذ القرارات
_xالعالم العربى
650 0 4 _aاتخاذ القرارات
_xالاردن
650 0 4 _aاتخاذ القرارات
_xالجزائر
650 0 4 _aاتخاذ القرارات
_xالسعودية
650 0 4 _aاتخاذ القرارات
_xالسودان
650 0 4 _aاتخاذ القرارات
_xسوريا
650 0 4 _aاتخاذ القرارات
_xالعراق
650 0 4 _aاتخاذ القرارات
_xالكويت
650 0 4 _aاتخاذ القرارات
_xلبنان
650 0 4 _aاتخاذ القرارات
_xمصر
650 0 4 _aاتخاذ القرارات
_xالمغرب
650 0 4 _aاتخاذ القرارات
_xاليمن
700 0 _aحسن عبدالله جوهر
_eمؤلف مشارك
700 0 _aمحمد جمال باروت
_eمؤلف مشارك
700 0 _aعبدالله ساعف
_eمؤلف مشارك
700 0 _aحيدر ابراهيم على
_eمؤلف مشارك
942 _2ddc
_cBK
999 _c59817
_d59817